000 00644nam a22002417a 4500
003 UA-OsUOA
001 78605
007 ta
008 20111017b un ||||| |||| 00| 0 ukr d
100 _aЙокаї М.
090 _a821.161.2
_bЙ75
942 _cBK
040 _aUA-OsUOA
_bukr
_cUA-OsUOA
_dUA-OsUOA
245 _aСини людини з кам'яним серцем
_bРоман
300 _a486 с.
955 _a3
041 _aukr
080 _a821.161.2
020 _a5-308-00198
260 _aК.
_bДніпро
_c1988
650 7 _a82 Література. Літературознавство
_2UDC
999 _c364908
_d364908